Jonathan Swift: Journal to stella, Vol.II / (Record no. 7739)
[ view plain ]
| 000 -LEADER | |
|---|---|
| fixed length control field | 00385cam a2200145ua 4500 |
| 041 ## - LANGUAGE CODE | |
| Language code of text/sound track or separate title | eng |
| 082 ## - DEWEY DECIMAL CLASSIFICATION NUMBER | |
| Classification number | 826 |
| Item number | WIL/JO |
| 100 ## - MAIN ENTRY--AUTHOR NAME | |
| Personal name | Williams, Harold . |
| 245 00 - TITLE STATEMENT | |
| Title | Jonathan Swift: Journal to stella, Vol.II / |
| 260 ## - PUBLICATION, DISTRIBUTION, ETC. (IMPRINT) | |
| Place of publication | London : |
| Name of publisher | Oxford University Press , |
| Year of publication | 1963. |
| 300 ## - PHYSICAL DESCRIPTION | |
| Number of Pages | 801 ; . |
| 942 ## - ADDED ENTRY ELEMENTS (KOHA) | |
| Koha item type | Books |
| Withdrawn status | Lost status | Damaged status | Home library | Current library | Date acquired | Full call number | Accession Number | Koha item type |
|---|---|---|---|---|---|---|---|---|
| Withdrawn | KAUAET | Sanskrit University | 07/04/2012 | 826 | 5102 | Books |
